=LDR 00000nam 2200000 4500 =001 INLIS000000000015847 =005 20140531114145.0 =006 =007 =008 Ind =035 ##$$a 0010-061300000015847 =041 ##$$a Ind =082 ##$$a 346. 04 =090 ##$$a 346. 04, Bad b =100 ##$$a Badrulzaman, Mariam Darus =245 ##$$a Bab - bab tentang hypotheek, prof. Dr. Mariam Darus Badrulzaman SH =260 ##$$a 1991 $b Bandung =300 ##$$a 180 hlm., 21 cm =650 ##$$a Hipotik - Hukum =850 ##$$a NBPNMAT =990 ##$$a 21400613/BPAP-NTB/20142014 =990 ##$$a 21400613/BPAP-NTB/20142014